Scorpion TV Series Quiz Stats

 Plays Quiz not verified by Sporcle

Score 0/46 Timer 10:00
0 Plays Today
Episode % Correct
Pilot
92.1%
Plutonium is Forever
65.3%
Cliffhanger
65.3%
A Cyclone
63.4%
Single Point of Failure
62.4%
Toby or Not Toby
62.4%
Love Boat
61.4%
Postcards From the Edge
61.4%
Shorthanded
60.4%
True Colors
60.4%
Father's Day
59.4%
Satellite of Love
59.4%
Dominoes
58.4%
Super Fun Guys
58.4%
Rogue Element
57.4%
Charades
57.4%
Young Hearts Spark Fire
56.4%
Revenge
55.4%
Cuba Libre
55.4%
Robots
55.4%
White Out
55.4%
Kill Screen
54.5%
Once Bitten, Twice Die
54.5%
Episode % Correct
Going South
53.5%
Crossroads
53.5%
Fish Filet
53.5%
Arrivals and Departures
53.5%
Talismans
52.5%
Crazy Train
52.5%
Area 51
52.5%
Dam Breakthrough
51.5%
Da Bomb
51.5%
Risky Business
50.5%
Forget Me Nots
50.5%
Tech, Drugs and Rock 'n' Roll
50.5%
Fractured
50.5%
US vs. UN vs. UK
49.5%
The Old College Try
49.5%
Adaptation
48.5%
The Fast and the Nerdiest
48.5%
Ticker
48.5%
Chernobyl Intentions
47.5%
Sun of a Gun
46.5%
Twist and Shout
46.5%
Hard Knox
46.5%
Djibouti Call
43.6%

You're not logged in!

Compare scores with friends on all Sporcle quizzes.
OR
Log In

Sporcle TV

Today on Sporcle TV


Watch our educational content, quiz creation guides, and fun videos on Sporcle TV.

Show Comments

Extras

Created Aug 18, 2016ReportNominate
Tags:episode, scorpion

Top Quizzes Today


Score Distribution

Your Account Isn't Verified!

In order to create a playlist on Sporcle, you need to verify the email address you used during registration. Go to your Sporcle Settings to finish the process.

Report this User

Report this user for behavior that violates our Community Guidelines.

Details: